|
|
|
|
| LEADER |
00000nam0a2200000 4500 |
| 001 |
671283 |
| 005 |
20240625092025.0 |
| 010 |
|
|
|a 5-87378-049-8
|
| 090 |
|
|
|a 671283
|
| 100 |
|
|
|a 20240306d1994 m||y0rusy50 ca
|
| 101 |
1 |
|
|a rus
|c eng
|
| 102 |
|
|
|a BY
|
| 105 |
|
|
|a y z 000ay
|
| 181 |
|
0 |
|a i
|b e
|
| 182 |
|
0 |
|a n
|
| 183 |
|
0 |
|a nc
|2 RDAcarrier
|
| 200 |
1 |
|
|a Детство Скарлетт
|e роман
|e пер. с англ.
|f М. Митчелл
|
| 203 |
|
|
|a Текст
|b визуальный
|c непосредственный
|
| 210 |
|
|
|a Минск
|c БАДППР
|d 1994
|
| 215 |
|
|
|a 476 с.
|
| 225 |
1 |
|
|a Голливуд
|
| 283 |
|
|
|a volume
|2 RDAcarrier
|
| 330 |
|
|
|a Спустя многие годы незаслуженно пропущенный многими русскоязычными издателями роман М. Митчелл "Детство Скарлетт" наконец увидит своего читателя. Мягкий колорит взаимоотношений героев, прекрасная беззаботная жизнь богатых фамилий перед самым страшным переворотом в истории американского юга даст возможность читателю отвлечься от окружающих его проблем и по-настоящему отдохнуть за чтением этого прекрасного романа.
|
| 606 |
1 |
|
|a Американская литература (англо-язычная литература)
|9 52349
|
| 610 |
1 |
|
|a художественная литература
|
| 610 |
1 |
|
|a романы
|
| 610 |
1 |
|
|a американская классика
|
| 610 |
1 |
|
|a проза
|
| 675 |
|
|
|a 82
|v 4
|
| 700 |
|
1 |
|a Митчелл
|b М.
|g Мюриэл
|
| 801 |
|
0 |
|a RU
|b 63413507
|c 20240306
|
| 942 |
|
|
|c BK
|